000
00422nam a2200133Ia 4500
008
151001s9999||||xx |||||||||||||| ||und||
100
_a
मधुसूदन कालेलकर
245
_a
नाते युगायुगाचे
250
_a
1
260
_b
"मॅजेस्टीक पब्लिशिंग हाऊस, ठाणे "
260
_c
1983
300
_a
88
365
_b
18
999
_c
963071
_d
963068